| 000 | 00535nam a2200205Ia 4500 | ||
|---|---|---|---|
| 005 | 20230609111213.0 | ||
| 008 | 131103s9999 xx 000 0 und d | ||
| 020 |
_a8189020625 _cRs.95.00 |
||
| 040 | _aLoreto College | ||
| 041 | _aEnglish | ||
| 082 |
_aF _bDHA |
||
| 245 | 4 |
_aThe dragonfly _cEdited by Geeta Dharmarajan and Keerti Ramachandra |
|
| 260 |
_aNew Delhi _bKatha _c2006 |
||
| 300 | _a170p. | ||
| 504 | _aIncludes bio-notes | ||
| 650 | _aFiction | ||
| 700 | _aDharmarajan, Geeta ed. | ||
| 850 | _aLCLIB | ||
| 942 | _cBK | ||
| 999 |
_c38447 _d88926 |
||